| 000 | 00365nam a2200169Ia 4500 | ||
|---|---|---|---|
| 999 |
_c26336 _d26336 |
||
| 003 | OSt | ||
| 005 | 20250728135628.0 | ||
| 008 | 200615s9999||||xx |||||||||||||| ||und|| | ||
| 040 | _cMUIT | ||
| 082 |
_a650 _bBRA-J |
||
| 100 | _aJAIN,NC | ||
| 245 | 0 | _aBRAND MANAGEMENT | |
| 250 | _a1ST | ||
| 260 |
_aNew Delhi _bALLAHABAD _c2010 |
||
| 300 | _a330 | ||
| 942 |
_cBK _2ddc |
||